Normal view
MARC view
- Pollack, Seymour V
Entry Personal Name
001 - CONTROL NUMBER
- control field: 119826
003 - CONTROL NUMBER IDENTIFIER
- control field: NUST
005 - DATE AND TIME OF LATEST TRANSACTION
- control field: 20240102143054.0
008 - FIXED-LENGTH DATA ELEMENTS
- fixed length control field: 240102|| aca||aabn | a|a d
040 ## - CATALOGING SOURCE
- Original cataloging agency: NUST
- Transcribing agency: NUST
100 ## - HEADING--PERSONAL NAME
- Personal name: Pollack, Seymour V
670 ## - SOURCE DATA FOUND
- Source citation: Work cat.: (NUST)176522: Gillett, Will D. 119824, An introduction to engineered software /, 1982.
